000 00292nam a2200133Ia 4500
008 190216s9999||||xx |||||||||||||| ||und||
100 _aJain V K
245 0 _aComputer For Beginners
250 _a1st Ed.
260 _bPustakmahal
_c1995
300 _a200
650 _aComputer
942 _cBK
999 _c8494
_d8494